Chránime správne druhy motýľov?

Bibliographic Details
Main Author: Víťaz, Ľubomír (Author)
Format: Article
Language:Slovak
Subjects:

MARC

LEADER 00000nab a2200000 a 4500
001 vtls000850051
003 SK-MaSNL
005 20260304041621.0
008 140716c2003 xo 0 slo
015 |a SNBRB2003/10-29896 
035 |a CLN000201706 
040 |a SNKBUCL  |b slo  |c SNKBUCL  |e AACR2 
041 0 |a slo 
044 |a xo  |c SK 
080 |a 595.78(437.6):502.743  |2 1997 
080 |a 502.743(437.6)  |2 1997 
100 1 |a Víťaz, Ľubomír  |4 aut  |9 755246 
245 1 0 |a Chránime správne druhy motýľov?  |c Ľubomír Víťaz 
300 |b Fotogr. 
650 0 7 |a motýle  |2 SNKPH  |9 30304 
651 7 |a Slovensko  |2 SNKPHgeo 
655 7 |a články z novín a časopisov  |2 SNK  |9 267496 
773 0 |t Ochrana prírody Slovenska  |g Č. 3 (2003), s. 7  |x 1335-7921 
850 |a Slovenská národná knižnica v Martine 
852 |a SNK  |b KIS3GCP 
958 |a SK 
992 |a RBX 
999 |c 2669430  |d 2671360